Soil. (Record no. 11612)

MARC details
000 -LEADER
fixed length control field 00830cam a22002651 4500
001 - CONTROL NUMBER
control field agr57000244
003 - CONTROL NUMBER IDENTIFIER
control field DLC
005 - DATE AND TIME OF LATEST TRANSACTION
control field 20260227111018.0
008 - FIXED-LENGTH DATA ELEMENTS--GENERAL INFORMATION
fixed length control field 730410s1957 dcuab 000 0 eng c
010 ## - LIBRARY OF CONGRESS CONTROL NUMBER
LC control number agr57000244
040 ## - CATALOGING SOURCE
Original cataloging agency U.S. Dept. of Agr. Libr.
Transcribing agency DLC
Modifying agency OCoLC
-- DLC
043 ## - GEOGRAPHIC AREA CODE
Geographic area code n-us---
050 10 - LIBRARY OF CONGRESS CALL NUMBER
Classification number S21
Item number .A35 1957
070 0# - NATIONAL AGRICULTURAL LIBRARY CALL NUMBER
Classification number 1Ag 84y 1957
110 1# - MAIN ENTRY--CORPORATE NAME
Corporate name or jurisdiction name as entry element United States.
Subordinate unit Department of Agriculture.
245 00 - TITLE STATEMENT
Title Soil.
260 ## - PUBLICATION, DISTRIBUTION, ETC.
Place of publication, distribution, etc. Washington,
Name of publisher, distributor, etc. U.S. Govt. Print. Off.
Date of publication, distribution, etc. [1957]
300 ## - PHYSICAL DESCRIPTION
Extent xiii, 784 p.
Other physical details illus., maps.
Dimensions 24 cm.
490 1# - SERIES STATEMENT
Series statement Its Yearbook of agriculture,
Volume/sequential designation 1957
500 ## - GENERAL NOTE
General note Limited to the management of soil.
650 #0 - SUBJECT ADDED ENTRY--TOPICAL TERM
Topical term or geographic name entry element Soils.
650 #0 - SUBJECT ADDED ENTRY--TOPICAL TERM
Topical term or geographic name entry element Soil conservation
Geographic subdivision United States.
650 #0 - SUBJECT ADDED ENTRY--TOPICAL TERM
Topical term or geographic name entry element Soils
Geographic subdivision United States.
830 #0 - SERIES ADDED ENTRY--UNIFORM TITLE
Uniform title Yearbook of agriculture (Washington, D.C. : 1926) ;
Volume/sequential designation 1957.

No items available.

Powered by Koha